000 00404nam a2200169Ia 4500
008 210210b1897 xxu||||| |||| 00| 0 eng d
041 _aeng
082 _a822/1152
100 _aSTEVENSON (R L)
245 _aTravels with donkey
260 _aLondon
_bThomas Nelson and Sons Limited
_c1897
650 _awith
650 _aTravels
650 _adonkey
690 _aEnglish Prose
906 _a013334
999 _c132199
_d132199